Tiến trình hội nhập Việt Nam - Asean

Đã lưu trong:
Bibliografiske detaljer
Hovedforfatter: Đinh Xuân Lý
Format: Bog
Udgivet: Đại học quốc gia Hà Nội 2001
Tags: Tilføj Tag
Ingen Tags, Vær først til at tagge denne postø!
Thư viện lưu trữ: Mạng thư viện Đại học Đà Nẵng
LEADER 00580nam a2200229 a 4500
001 000029676
003 16996
005 20171030145630.0
008 171030s2001
020 |c 11000 
040 |a LTT 
082 0 |a 337.6  |b ĐI-L 
100 1 |a Đinh Xuân Lý 
245 0 0 |a Tiến trình hội nhập Việt Nam - Asean  |c Đinh Xuân Lý. 
260 |b Đại học quốc gia Hà Nội  |c 2001 
OWN |a LTT 
999 |a From the UDN01 
TYP |a Monograph 
TYP |a Printed language 
980 |a Mạng thư viện Đại học Đà Nẵng